[Event "GER MS-259 email"]
[Site "GER email"]
[Date "2017.04.06"]
[Round "?"]
[White "Hoffmann, Heiko"]
[Black "Turowski, Peter Hinrich"]
[Result "1-0"]
[WhiteElo "1901"]
[BlackElo "1929"]
[PlyCount "25"]
[EventDate "2017.04.11"]
[EventType "tourn (corr)"]
[EventRounds "6"]
[EventCountry "GER"]
[SourceTitle "Corr 2020"]
[Source "ChessBase"]
[SourceDate "2019.09.30"]
[SourceVersion "1"]
[SourceVersionDate "2019.09.30"]
[SourceQuality "1"]

1. e4 e5 2. Nf3 Nc6 3. d4 exd4 4. Nxd4 Nf6 5. Nc3 Bb4 6. Nxc6 bxc6 7. Bd3 0-0 8. 0-0 Bxc3 9. bxc3 Re8 10. Re1 Rb8 11. Bg5 h6 12. Bh4 a5 13. e5 1-0

[Event "GER MS-259 email"]
[Site "GER email"]
[Date "2017.04.06"]
[Round "?"]
[White "Milde, Lars"]
[Black "Turowski, Peter Hinrich"]
[Result "1-0"]
[WhiteElo "2133"]
[BlackElo "1929"]
[PlyCount "49"]
[EventDate "2017.04.11"]
[EventType "tourn (corr)"]
[EventRounds "6"]
[EventCountry "GER"]
[SourceTitle "Corr 2020"]
[Source "ChessBase"]
[SourceDate "2019.09.30"]
[SourceVersion "1"]
[SourceVersionDate "2019.09.30"]
[SourceQuality "1"]

1. e4 e5 2. Nf3 Nc6 3. Bb5 a6 4. Bxc6 dxc6 5. 0-0 f6 6. d4 exd4 7. Nxd4 c5 8. Ne2 Qxd1 9. Rxd1 Bd7 10. Nbc3 0-0-0 11. Be3 Bd6 12. Bf4 Bxf4 13. Nxf4 Ne7 14. f3 Nc6 15. Ncd5 f5 16. exf5 Bxf5 17. c3 g5 18. Ne3 gxf4 19. Nxf5 Rhf8 20. Nh6 Rd6 21. Ng4 h5 22. Nf2 Rxd1+ 23. Rxd1 Rf5 24. b3 h4 25. Nh3 1-0

[Event "GER MS-259 email"]
[Site "GER email"]
[Date "2017.04.06"]
[Round "?"]
[White "Turowski, Peter Hinrich"]
[Black "Schwamberger, Jessica"]
[Result "0-1"]
[WhiteElo "1929"]
[BlackElo "2036"]
[PlyCount "30"]
[EventDate "2017.04.11"]
[EventType "tourn (corr)"]
[EventRounds "6"]
[EventCountry "GER"]
[SourceTitle "Corr 2020"]
[Source "ChessBase"]
[SourceDate "2019.09.30"]
[SourceVersion "1"]
[SourceVersionDate "2019.09.30"]
[SourceQuality "1"]

1. e4 e6 2. d4 d5 3. Nc3 Nf6 4. Bg5 dxe4 5. Nxe4 Be7 6. Nxf6+ Bxf6 7. Bxf6 Qxf6 8. Nf3 0-0 9. c3 b6 10. Be2 Bb7 11. 0-0 Rd8 12. Ne5 c5 13. Qa4 cxd4 14. cxd4 Qe7 15. Rac1 f6 0-1

[Event "GER MS-245 email"]
[Site "GER email"]
[Date "2016.08.11"]
[Round "?"]
[White "Hoffmann, Heiko"]
[Black "Turowski, Peter Hinrich"]
[Result "1-0"]
[WhiteElo "1896"]
[BlackElo "1951"]
[PlyCount "91"]
[EventDate "2016.08.17"]
[EventType "tourn (corr)"]
[EventRounds "6"]
[EventCountry "GER"]
[SourceTitle "Corr 2020"]
[Source "ChessBase"]
[SourceDate "2019.09.30"]
[SourceVersion "1"]
[SourceVersionDate "2019.09.30"]
[SourceQuality "1"]

1. e4 e5 2. Nf3 Nc6 3. d4 exd4 4. Nxd4 Nf6 5. Nc3 Bb4 6. Nxc6 bxc6 7. Bd3 d5 8. exd5 cxd5 9. 0-0 0-0 10. Bg5 c6 11. Qf3 Re8 12. Rae1 Be6 13. a3 Bd6 14. b4 h6 15. Bf4 a5 16. b5 c5 17. Bf5 Bxf5 18. Bxd6 Qxd6 19. Qxf5 c4 20. g3 Re6 21. Rb1 d4 22. Rfd1 Rb8 23. h3 h5 24. b6 g6 25. Qg5 Rxb6 26. Rxb6 Qxb6 27. Nd5 Nxd5 28. Qxd5 d3 29. Qxc4 Re2 30. Rf1 Rxc2 31. Qxd3 Qc5 32. Kg2 Kg7 33. a4 Qc6+ 34. Kh2 Qxa4 35. Kg1 Qc6 36. Qd4+ Qf6 37. Qa4 Qc3 38. Kg2 Rb2 39. Rd1 Qf6 40. Rf1 Qe5 41. Rd1 Rb4 42. Qc6 h4 43. gxh4 Rxh4 44. Rd5 Qe4+ 45. Kg3 Qf4+ 46. Kg2 1-0

[Event "GER MS-245 email"]
[Site "GER email"]
[Date "2016.08.11"]
[Round "?"]
[White "Lelgemann, Ludwig"]
[Black "Turowski, Peter Hinrich"]
[Result "1/2-1/2"]
[WhiteElo "2029"]
[BlackElo "1951"]
[PlyCount "54"]
[EventDate "2016.08.17"]
[EventType "tourn (corr)"]
[EventRounds "6"]
[EventCountry "GER"]
[SourceTitle "Corr 2020"]
[Source "ChessBase"]
[SourceDate "2019.09.30"]
[SourceVersion "1"]
[SourceVersionDate "2019.09.30"]
[SourceQuality "1"]

1. d4 d5 2. c4 e6 3. Nc3 Be7 4. Nf3 Nf6 5. Bg5 h6 6. Bh4 0-0 7. e3 b6 8. Bd3 dxc4 9. Bxc4 Bb7 10. 0-0 a6 11. Qe2 Nbd7 12. Rfd1 b5 13. Bd3 Qe8 14. Rac1 c5 15. Bxf6 Bxf6 16. Be4 Qb8 17. dxc5 Nxc5 18. Bxb7 Qxb7 19. Nd5 exd5 20. Rxc5 Rfd8 21. b3 Rac8 22. Rxc8 Rxc8 23. g3 Rc5 24. Ne1 Qc6 25. Nd3 Rc2 26. Qf3 a5 27. Nf4 d4 1/2-1/2

[Event "GER MS-245 email"]
[Site "GER email"]
[Date "2016.08.11"]
[Round "?"]
[White "Lukas, Norbert"]
[Black "Turowski, Peter Hinrich"]
[Result "1/2-1/2"]
[WhiteElo "1974"]
[BlackElo "1951"]
[PlyCount "105"]
[EventDate "2016.08.17"]
[EventType "tourn (corr)"]
[EventRounds "6"]
[EventCountry "GER"]
[SourceTitle "Corr 2020"]
[Source "ChessBase"]
[SourceDate "2019.09.30"]
[SourceVersion "1"]
[SourceVersionDate "2019.09.30"]
[SourceQuality "1"]

1. e4 e5 2. Nf3 Nc6 3. Bb5 a6 4. Ba4 Nf6 5. 0-0 Be7 6. Re1 b5 7. Bb3 0-0 8. h3 d6 9. c3 Na5 10. Bc2 c5 11. d4 Qc7 12. d5 Nc4 13. b3 Nb6 14. a4 h6 15. Qe2 Bd7 16. Be3 Rfb8 17. a5 Nc8 18. b4 cxb4 19. cxb4 Bd8 20. Qd2 Ne7 21. Bd3 Rc8 22. Ra2 Ng6 23. Rc2 Qb7 24. Nc3 Bc7 25. Ne2 Bb8 26. Rxc8+ Bxc8 27. Rc1 Bd7 28. Qc3 Ba7 29. Bxa7 Qxa7 30. Qd2 Rc8 31. Rxc8+ Bxc8 32. Ne1 Nh5 33. Nc2 Bd7 34. Ne3 Nhf4 35. Nxf4 Nxf4 36. Bf1 Kf8 37. Qc3 g6 38. g3 Nxh3+ 39. Bxh3 Bxh3 40. Qc6 Ke7 41. g4 h5 42. Qb6 Qd7 43. gxh5 Qc8 44. h6 Qh8 45. Qb7+ Bd7 46. Qxa6 Qxh6 47. Qb6 f5 48. a6 f4 49. a7 fxe3 50. a8Q exf2+ 51. Qxf2 Qc1+ 52. Qf1 Qg5+ 53. Qg2 1/2-1/2

[Event "GER MS-243 email"]
[Site "GER email"]
[Date "2016.07.10"]
[Round "?"]
[White "Berg, Juergen"]
[Black "Turowski, Peter Hinrich"]
[Result "1-0"]
[WhiteElo "2000"]
[BlackElo "1951"]
[PlyCount "97"]
[EventDate "2016.07.15"]
[EventType "tourn (corr)"]
[EventRounds "6"]
[EventCountry "GER"]
[SourceTitle "Corr 2020"]
[Source "ChessBase"]
[SourceDate "2019.09.30"]
[SourceVersion "1"]
[SourceVersionDate "2019.09.30"]
[SourceQuality "1"]

1. e4 e5 2. Nf3 Nc6 3. Bc4 Bc5 4. c3 Nf6 5. d3 0-0 6. 0-0 a6 7. d4 Ba7 8. Nxe5 Nxe5 9. dxe5 Nxe4 10. Bd5 Nxf2 11. Rxf2 d6 12. Qe2 Bxf2+ 13. Qxf2 dxe5 14. Bb3 Be6 15. Bc2 f5 16. Nd2 Qf6 17. Nf3 e4 18. Bg5 Qg6 19. Nd4 Bd5 20. Bf4 c5 21. Ne2 b6 22. b3 a5 23. Rd1 Qf7 24. c4 Bc6 25. Qh4 Rfe8 26. Nc3 h6 27. Qg3 Re6 28. h4 Ra7 29. Rd8+ Kh7 30. Qh3 Re8 31. Rxe8 Bxe8 32. Nd5 Rb7 33. Be5 Qe6 34. Bc3 Bc6 35. Nf4 Qc8 36. Qg3 Be8 37. Nd5 Qe6 38. Bd1 b5 39. Be2 b4 40. Be5 a4 41. Nc7 Qg8 42. Qf2 axb3 43. axb3 Ra7 44. Qxf5+ Bg6 45. Qg4 e3 46. h5 Bc2 47. Qf4 Qd8 48. Ne6 Qd2 49. Qg4 1-0

[Event "GER MS-243 email"]
[Site "GER email"]
[Date "2016.07.10"]
[Round "?"]
[White "Turowski, Peter Hinrich"]
[Black "Bender, Klaus"]
[Result "0-1"]
[WhiteElo "1951"]
[BlackElo "2108"]
[PlyCount "122"]
[EventDate "2016.07.15"]
[EventType "tourn (corr)"]
[EventRounds "6"]
[EventCountry "GER"]
[SourceTitle "Corr 2020"]
[Source "ChessBase"]
[SourceDate "2019.09.30"]
[SourceVersion "1"]
[SourceVersionDate "2019.09.30"]
[SourceQuality "1"]

1. e4 b6 2. d4 Bb7 3. Bd3 Nf6 4. Qe2 Nc6 5. c3 e5 6. Nf3 d6 7. 0-0 a6 8. Rd1 Nd7 9. d5 Ne7 10. a4 a5 11. b4 Ng6 12. Bb5 Be7 13. Na3 0-0 14. Qc2 Bc8 15. Nc4 Nh4 16. Nxh4 Bxh4 17. Rb1 Bg5 18. Bc6 Ra6 19. Ba3 f5 20. bxa5 fxe4 21. Qxe4 bxa5 22. Qe2 Ra7 23. Nd2 Ba6 24. c4 Nb6 25. Rbc1 Nc8 26. Rc3 Bxd2 27. Rxd2 Ne7 28. Qe3 Nxc6 29. dxc6 Ra8 30. h3 Qf6 31. c5 d5 32. Rxd5 Rae8 33. Bb2 Rf7 34. Qd2 Qxc6 35. Rg3 Rfe7 36. Rd8 Rxd8 37. Qxd8+ Re8 38. Qg5 g6 39. Bxe5 Qxc5 40. Re3 Qc6 41. Kh2 Bb7 42. f3 Qe6 43. Bf4 Qd7 44. Rc3 Qd5 45. Rxc7 Qxg5 46. Bxg5 Ba6 47. Ra7 Bc4 48. Rxa5 Re2 49. Ra7 h5 50. Kg3 Ra2 51. a5 Bf1 52. h4 Rxg2+ 53. Kf4 Ra2 54. Ke5 Ra3 55. f4 Rc3 56. Kd6 Rc2 57. Ke7 Rc8 58. a6 Rf8 59. Kd6 Be2 60. Kc7 Re8 61. Kb6 Re6+ 0-1

[Event "GER MS-243 email"]
[Site "GER email"]
[Date "2016.07.10"]
[Round "?"]
[White "Turowski, Peter Hinrich"]
[Black "Klapp, Herwig"]
[Result "1/2-1/2"]
[WhiteElo "1951"]
[BlackElo "2112"]
[PlyCount "73"]
[EventDate "2016.07.15"]
[EventType "tourn (corr)"]
[EventRounds "6"]
[EventCountry "GER"]
[SourceTitle "Corr 2020"]
[Source "ChessBase"]
[SourceDate "2019.09.30"]
[SourceVersion "1"]
[SourceVersionDate "2019.09.30"]
[SourceQuality "1"]

1. e4 e5 2. Nf3 Nc6 3. d4 exd4 4. Nxd4 Bc5 5. Be3 Qf6 6. c3 Nge7 7. Bc4 Ne5 8. Be2 Qg6 9. 0-0 d6 10. f4 Qxe4 11. Bf2 Bxd4 12. cxd4 N5g6 13. g3 Bh3 14. Bf3 Qf5 15. Re1 d5 16. Qb3 0-0-0 17. Nc3 Kb8 18. a4 h5 19. a5 Bg4 20. Bg2 h4 21. Na4 Qc8 22. Nc5 Ka8 23. Rac1 c6 24. f5 Nxf5 25. Na4 Rde8 26. Nb6+ axb6 27. axb6 Rxe1+ 28. Rxe1 Qd8 29. Qa4+ Kb8 30. Qa7+ Kc8 31. Qa8+ Kd7 32. Qxb7+ Kd6 33. Qxf7 Nfe7 34. gxh4 Qxb6 35. Bf3 Bxf3 36. Qxf3 Ra8 37. Qe2 1/2-1/2

[Event "GER MS-233 email"]
[Site "GER email"]
[Date "2016.01.07"]
[Round "?"]
[White "Turowski, Peter Hinrich"]
[Black "Fabig, Holger"]
[Result "1/2-1/2"]
[WhiteElo "1967"]
[BlackElo "2057"]
[PlyCount "100"]
[EventDate "2016.01.11"]
[EventType "tourn (corr)"]
[EventRounds "6"]
[EventCountry "GER"]
[SourceTitle "Corr 2020"]
[Source "ChessBase"]
[SourceDate "2019.09.30"]
[SourceVersion "1"]
[SourceVersionDate "2019.09.30"]
[SourceQuality "1"]

1. e4 c5 2. Nf3 d6 3. d4 cxd4 4. Nxd4 Nf6 5. Nc3 a6 6. Be3 e5 7. Nb3 Be7 8. Be2 Be6 9. Qd3 0-0 10. 0-0 Nbd7 11. Nd5 Bxd5 12. exd5 Ne8 13. Bg4 g6 14. Bh6 Ng7 15. Qd2 f5 16. Be2 Rf7 17. Na5 Nc5 18. a4 Ne4 19. Qb4 Bg5 20. Bxg5 Qxg5 21. Nc4 Nh5 22. Bxh5 gxh5 23. Rae1 Rg7 24. g3 Rg6 25. a5 h4 26. Rxe4 fxe4 27. Nxd6 e3 28. Ne4 Qf4 29. fxe3 Qxe3+ 30. Kg2 Rc8 31. c3 b5 32. axb6 hxg3 33. hxg3 Rxb6 34. Nf6+ Kh8 35. Qg4 Rxb2+ 36. Kh3 Qh6+ 37. Nh5 Rg8 38. Qf5 Qg5 39. Qxg5 Rxg5 40. d6 Rxh5+ 41. Kg4 Rh6 42. Rf8+ Kg7 43. d7 Rg6+ 44. Kf3 Rd2 45. d8Q Rxd8 46. Rxd8 Rc6 47. Ke4 Rxc3 48. Rd6 Rxg3 49. Rxa6 h5 50. Re6 h4 1/2-1/2

[Event "GER MS-233 email"]
[Site "GER email"]
[Date "2016.01.07"]
[Round "?"]
[White "Turowski, Peter Hinrich"]
[Black "Frank, Thomas"]
[Result "0-1"]
[WhiteElo "1967"]
[BlackElo "2024"]
[PlyCount "54"]
[EventDate "2016.01.11"]
[EventType "tourn (corr)"]
[EventRounds "6"]
[EventCountry "GER"]
[SourceTitle "Corr 2020"]
[Source "ChessBase"]
[SourceDate "2019.09.30"]
[SourceVersion "1"]
[SourceVersionDate "2019.09.30"]
[SourceQuality "1"]

1. e4 c5 2. Nf3 e6 3. d4 cxd4 4. Nxd4 Nf6 5. Nc3 d6 6. g4 h6 7. h4 Nc6 8. Rg1 d5 9. exd5 Nxd5 10. Nxd5 exd5 11. Be3 Qxh4 12. Qf3 Nxd4 13. Bxd4 Qe7+ 14. Be2 Qe4 15. 0-0-0 Qxf3 16. Bxf3 Be6 17. Rge1 Kd7 18. c4 Rc8 19. b3 h5 20. gxh5 b5 21. Bc3 bxc4 22. Bxd5 Bd6 23. Bxe6+ fxe6 24. Be5 cxb3+ 25. Kb2 Rc2+ 26. Kxb3 Rc6 27. Bxg7 Rb8+ 0-1